000 00567nam a2200205Ia 4500
003 OSt
005 20230412164327.0
008 210423s2008 xx 000 0 und d
020 _a9788126908189
040 _cAL
041 _aeng
082 _a809.93592
_223
_b SARR
100 _aSARKAR (R N).
_987416
245 _aConrads art: interpretation and evaluation.
260 _aNew Delhi
_bAtlantic Publishers and Distributors
_c2008
300 _axii,233
_bPB
365 _b550
_cINR
906 _aart: ; Conrads ; evaluation. ; interpretation
942 _2ddc
_cBK
999 _c157313
_d157313